Obesidad: Una enfermedad de salud mental. ¿Por qué muchos tratamientos no funcionan?
Uloženo v:
| Hlavní autor: | |
|---|---|
| Médium: | Kniha |
| Jazyk: | angličtina |
| Vydáno: |
Santiago, Chile:
Alphilia,
2019.
|
| Vydání: | Segunda edición. |
| Témata: | |
| Tagy: |
Přidat tag
Žádné tagy, Buďte první, kdo vytvoří štítek k tomuto záznamu!
|
MARC
| LEADER | 00000nam a22000007a 4500 | ||
|---|---|---|---|
| 003 | CL-VaPUC | ||
| 005 | 20220607114106.0 | ||
| 008 | 220523b2019 ||||| |||| 00| 0 eng d | ||
| 999 | |c 435698 |d 435696 | ||
| 020 | |a 978-956-398-527-6 | ||
| 040 | |c Pontificia Universidad Católica de Valparaíso | ||
| 082 | |a 616.398 TEL 2019 |2 22 | ||
| 100 | |a Téllez Medina, Carlos |9 780507 |e autor | ||
| 245 | |a Obesidad: |b Una enfermedad de salud mental. ¿Por qué muchos tratamientos no funcionan? | ||
| 250 | |a Segunda edición. | ||
| 260 | |a Santiago, Chile: |b Alphilia, |c 2019. | ||
| 300 | |a 278 páginas | ||
| 583 | |c 20220524 |k Cristina María Rojas Aguilar | ||
| 650 | |a Obesidad |z Chile |9 869678 | ||
| 650 | |a Salud mental |x Chile |9 869679 | ||
| 942 | |2 ddc |c BK | ||
| 952 | |0 0 |1 0 |2 ddc |4 0 |6 616_398000000000000_TEL_2019 |7 0 |8 C_SENDA |9 583227 |a BIBEDU |b BIBEDU |c ES_NOD |d 2022-05-24 |e Comodato-SENDA |i 5651352 |l 2 |o 616.398 TEL 2019 |p 5651352 |r 2024-10-03 |s 2024-08-29 |t 1 |w 2022-05-24 |x 07438005101 |y BK |k BME | ||